Big Snake : (Record no. 492657)
[ view plain ]
| 000 -LEADER | |
|---|---|
| fixed length control field | 01383nam a22002177a 4500 |
| 003 - CONTROL NUMBER IDENTIFIER | |
| control field | OSt |
| 005 - DATE AND TIME OF LATEST TRANSACTION | |
| control field | 20260511112819.0 |
| 008 - FIXED-LENGTH DATA ELEMENTS--GENERAL INFORMATION | |
| fixed length control field | 260511b |||||||| |||| 00| 0 eng d |
| 020 ## - INTERNATIONAL STANDARD BOOK NUMBER | |
| International Standard Book Number | 9780753808573 |
| 040 ## - CATALOGING SOURCE | |
| Original cataloging agency | Kenya National Library Service |
| 082 ## - DEWEY DECIMAL CLASSIFICATION NUMBER | |
| Classification number | 597.96 TWI |
| 100 ## - MAIN ENTRY--PERSONAL NAME | |
| Personal name | Twigger, Robert |
| Relator term | Author |
| 245 ## - TITLE STATEMENT | |
| Title | Big Snake : |
| Remainder of title | the hunt for the world's longest python / |
| Statement of responsibility, etc. | Robert Twigger. |
| 300 ## - PHYSICAL DESCRIPTION | |
| Extent | 319 pages : |
| Other physical details | illustrations ; |
| Dimensions | 20 cm. |
| 520 ## - SUMMARY, ETC. | |
| Summary, etc. | About to be married, Robert Twigger decides on his last great adventure as a bachelor. Surfing the net, he discovers the Roosevelt Prize - worth $50,000 - for the capture of a live 30 foot python. Armed only with a tin of High Toast Snuff (deadly if sniffed by a snake), Twigger sets off into the remote jungles of Indonesia in search of his prey. Along the way, he investigates the legendarily beautiful women of Sulawesi, treads in Nabokov's footsteps, looks for giant snakes beneath the sewers of Kuala Lumpur, and spends time with a variety of snake catchers and cults. After being caught up in anti-Chinese riots and surviving on greasy civet cat in the jungle, Twigger finally comes face to face with the big one; but the final capture is not quite what he had in mind. |
| 650 ## - SUBJECT ADDED ENTRY--TOPICAL TERM | |
| Topical term or geographic name entry element | Snakes. |
| 650 ## - SUBJECT ADDED ENTRY--TOPICAL TERM | |
| Topical term or geographic name entry element | Reptiles. |
| 942 ## - ADDED ENTRY ELEMENTS (KOHA) | |
| Source of classification or shelving scheme | Dewey Decimal Classification |
| Koha item type | Books |
| Suppress in OPAC | No |
| Withdrawn status | Source of classification or shelving scheme | Damaged status | Not for loan | Home library | Current library | Date acquired | Source of acquisition | Cost, normal purchase price | Total checkouts | Full call number | Barcode | Date last seen | Price effective from | Koha item type |
|---|---|---|---|---|---|---|---|---|---|---|---|---|---|---|
| Dewey Decimal Classification | Nakuru Library | Acquisition, Cataloguing, Classification and Distribution Development | 05/11/2026 | BAI | 1374.00 | 597.96 TWI | B232026 | 05/11/2026 | 05/11/2026 | Books |
